From military rule to liberal democracy in Argentina / (Record no. 7172)
[ view plain ]
| 000 -LEADER | |
|---|---|
| fixed length control field | 01037nam a2200301 a 4500 |
| 001 - CONTROL NUMBER | |
| JCCL Control Number | 7172 |
| 003 - CONTROL NUMBER IDENTIFIER | |
| JCCL marc code | BD-JhCC |
| 005 - DATE AND TIME OF LATEST TRANSACTION | |
| control field | 20180205175727.0 |
| 008 - FIXED-LENGTH DATA ELEMENTS--GENERAL INFORMATION | |
| fixed length control field | 180205s1987 cou b 001 0 eng d |
| 020 ## - INTERNATIONAL STANDARD BOOK NUMBER | |
| International Standard Book Number | 0813371015 (pbk. : alk. paper) : |
| 035 ## - SYSTEM CONTROL NUMBER | |
| system control number | (BD-JhCC)7172 |
| 040 ## - CATALOGING SOURCE | |
| Original cataloging agency | DLC |
| Transcribing agency | DLC |
| Modifying agency | BD-JhCC |
| 041 ## - LANGUAGE CODE | |
| Language code of Book | eng |
| 050 #0 - LIBRARY OF CONGRESS CALL NUMBER | |
| Classification number | F2849.2 |
| Item number | .F69 1987 |
| 082 ## - DEWEY DECIMAL CLASSIFICATION NUMBER | |
| Classification number | 982.06 |
| DDC Edition number | 19 |
| Author mark and Year | FRO 1987 |
| 245 00 - TITLE STATEMENT | |
| Title | From military rule to liberal democracy in Argentina / |
| Statement of responsibility, etc | edited by Mónica Peralta-Ramos and Carlos H. Waisman |
| 260 ## - PUBLICATION, DISTRIBUTION, ETC. (IMPRINT) | |
| Place of publication, distribution, etc | Boulder, Colo ; |
| -- | London : |
| Name of publisher, distributor, etc | Westview, |
| Date of publication, distribution, etc | 1987 |
| 300 ## - PHYSICAL DESCRIPTION | |
| Pagination | xvi, 175 p ; |
| Dimensions | 22 cm |
| 504 ## - BIBLIOGRAPHY, ETC. NOTE | |
| Bibliography, etc | Includes bibliographies |
| 651 #0 - SUBJECT ADDED ENTRY--GEOGRAPHIC NAME | |
| Geographic name | Argentina |
| General subdivision | Economic conditions |
| Chronological subdivision | 1945-1983 |
| 651 #0 - SUBJECT ADDED ENTRY--GEOGRAPHIC NAME | |
| Geographic name | Argentina |
| General subdivision | Politics and government |
| Chronological subdivision | 1955-1983 |
| 651 #0 - SUBJECT ADDED ENTRY--GEOGRAPHIC NAME | |
| Geographic name | Argentina |
| General subdivision | Social conditions |
| Chronological subdivision | 1945-1983 |
| 700 1# - ADDED ENTRY--PERSONAL NAME | |
| Personal name | Waisman, Carlos H. |
| Fuller form of name | (Carlos Horacio), |
| Dates associated with a name | 1943- |
| 700 1# - ADDED ENTRY--PERSONAL NAME | |
| Personal name | Peralta-Ramos, Mónica. |
| 830 #0 - SERIES ADDED ENTRY--UNIFORM TITLE | |
| Uniform title | Westview special studies on Latin America and the Caribbean |
| 942 ## - ADDED ENTRY ELEMENTS (KOHA) | |
| Source of classification or shelving scheme | Dewey Decimal Classification |
| Koha item type | Books |
| Source of classification or shelving scheme | Damaged status | Not for loan | Home library | Current library | Shelving location | Date of accession | Total Checkouts | Full call number | Barcode | Date last seen | Copy number | Koha item type |
|---|---|---|---|---|---|---|---|---|---|---|---|---|
| Dewey Decimal Classification | JCC Rouf Library | JCC Rouf Library | General Stacks | 02/05/2018 | 982.06 FRO 1987 | 9709 | 02/05/2018 | C-1 | Books |